| 000 | 00501nam a2200193Ia 4500 | ||
|---|---|---|---|
| 008 | 240729s9999 xx 000 0 und d | ||
| 022 | _a1920-7603 | ||
| 245 | 0 | _aJournal of Pollination Ecology | |
| 260 | _aCanada | ||
| 260 | _bEnviroquest Ltd. | ||
| 650 | _a Biology (General) | ||
| 650 | _a Botany | ||
| 650 | _a Evolution | Science | ||
| 650 | _a Plant ecology | ||
| 650 | _aScience | ||
| 856 | _uhttps://doaj.org/toc/d07ce568a3b94da1af3c2ff9b9b05676 | ||
| 942 | _2ddc | ||
| 942 | _cDOAJEJ | ||
| 999 |
_c70096 _d70096 |
||
| 945 |
_a1 _bMadushi Gamage _c1 _dMadushi Gamage |
||